WORKBOOK OF HUMANANATOMY HEAD AND NACK BRAIN-NEUROANATOMY VOI-3 (Record no. 33157)
[ view plain ]
| 000 -LEADER | |
|---|---|
| fixed length control field | 00344nam a22001457a 4500 |
| 003 - CONTROL NUMBER IDENTIFIER | |
| control field | SGT |
| 082 ## - DEWEY DECIMAL CLASSIFICATION NUMBER | |
| Classification number | 611 |
| Item number | W25S |
| 100 ## - MAIN ENTRY--PERSONAL NAME | |
| Personal name | SONATAKKE, YOGESH |
| 245 ## - TITLE STATEMENT | |
| Title | WORKBOOK OF HUMANANATOMY HEAD AND NACK BRAIN-NEUROANATOMY VOI-3 |
| 250 ## - EDITION STATEMENT | |
| Edition statement | 1ST |
| 260 ## - PUBLICATION, DISTRIBUTION, ETC. (IMPRINT) | |
| Place of publication, distribution, etc | INDIA |
| Name of publisher, distributor, etc | CBS PUB |
| Year of Publication | 2025 |
| 300 ## - PAGE DESCRIPTION | |
| No. of Pages | 104 |
| 650 ## - SUBJECT ADDED ENTRY--TOPICAL TERM | |
| Topical term or geographic name as entry element | HUMAN ANATOMY |
| 942 ## - ADDED ENTRY ELEMENTS (KOHA) | |
| Source of classification or shelving scheme | Dewey Decimal Classification |
| Koha item type | Books |
| Withdrawn status | Lost status | Source of classification or shelving scheme | Damaged status | Not for loan | Collection code | Home library | Current library | Shelving location | Date acquired | Vendor Name | Volume Information (Serial or Books or Non-Book Material) | SGTU | Bill Number | Full call number | Accession No. (Barcode) | Date last seen | Bill Date | Koha item type |
|---|---|---|---|---|---|---|---|---|---|---|---|---|---|---|---|---|---|---|
| Dewey Decimal Classification | Not For Loan | MEDICAL | SGT Medical Library | SGT Medical Library | Text Book | 06/10/2025 | BRIJWASI BOOK DISTRIBUTORS DELHI | VOLUME-III | SGTU | BW/000271 | 611 W25S | FM15581 | 07/11/2025 | 06/10/2025 | Books | |||
| Dewey Decimal Classification | MEDICAL | SGT Medical Library | SGT Medical Library | Text Book | 06/10/2025 | BRIJWASI BOOK DISTRIBUTORS DELHI | VOLUME-III | SGTU | BW/000271 | 611 W25S | FM15582 | 07/11/2025 | 06/10/2025 | Books | ||||
| Dewey Decimal Classification | MEDICAL | SGT Medical Library | SGT Medical Library | Text Book | 06/10/2025 | BRIJWASI BOOK DISTRIBUTORS DELHI | VOLUME-III | SGTU | BW/000271 | 611 W25S | FM15583 | 07/11/2025 | 06/10/2025 | Books | ||||
| Dewey Decimal Classification | MEDICAL | SGT Medical Library | SGT Medical Library | Text Book | 06/10/2025 | BRIJWASI BOOK DISTRIBUTORS DELHI | VOLUME-III | SGTU | BW/000271 | 611 W25S | FM15584 | 07/11/2025 | 06/10/2025 | Books | ||||
| Dewey Decimal Classification | MEDICAL | SGT Medical Library | SGT Medical Library | Text Book | 06/10/2025 | BRIJWASI BOOK DISTRIBUTORS DELHI | VOLUME-III | SGTU | BW/000271 | 611 W25S | FM15585 | 07/11/2025 | 06/10/2025 | Books |